Statistics for European skyscrapers by pictures

Click here to take the quiz!

General Stats

  • This quiz has been taken 27 times
  • The average score is 6 of 16

Answer Stats

Answer% Correct
The Shard
100%
30 St Mary Axe
48%
Commerzbank
48%
HSB Turning Torso
43%
Lakhta Center
35%
Torre de Cristal
35%
DC Towers
30%
Federation Tower
30%
Tour First
30%
Unicredit Tower
30%
Warsaw Spire
30%
Mercury Tower
26%
Messeturm
26%
22 Bishopsgate
17%
Skyland Istanbul
17%
Westend Tower
4%

Score Distribution

Percentile by Number Answered

Percent of People with Each Score

Your Score History

You have not taken this quiz